| 000 | 01231cam a22002894a 4500 | ||
|---|---|---|---|
| 090 | _c0 | ||
| 001 | 14138064 | ||
| 005 | 20061228100905.0 | ||
| 008 | 051011s2006 flua b 001 0 eng | ||
| 010 | _a2005054946 | ||
| 020 | _a0849334209 (alk. paper) | ||
| 035 | _a(OCoLC)ocm62090899 | ||
| 040 |
_aDLC _cDLC _dYDX _dBAKER _dDLC |
||
| 042 | _apcc | ||
| 050 | 0 | 0 |
_aTA355 _b.B635 2006 |
| 082 | 0 | 0 |
_a620.11248 _222 _bBOT |
| 100 | 1 | _aBottega, William J. | |
| 245 | 1 | 0 |
_aEngineering Vibrations / _cWilliam J. Bottega. |
| 260 |
_aBoca Raton : _bCRC/Taylor & Francis, _cc2006. |
||
| 300 |
_axix, 726 p. : _bill. ; _c25 cm. |
||
| 504 | _aIncludes bibliographical references and index. | ||
| 650 | 0 | _aVibration. | |
| 856 | 4 | 2 |
_3Publisher description _uhttp://www.loc.gov/catdir/enhancements/fy0648/2005054945-d.html |
| 942 |
_2ddc _cBB |
||
| 999 |
_c10460 _d10460 |
||